
Library Catalogue

| 000 -LEADER | |
|---|---|
| fixed length control field | 01305nam a2200217Ia 4500 |
| 003 - CONTROL NUMBER IDENTIFIER | |
| control field | OSt |
| 005 - DATE AND TIME OF LATEST TRANSACTION | |
| control field | 20200911225731.0 |
| 008 - FIXED-LENGTH DATA ELEMENTS--GENERAL INFORMATION | |
| fixed length control field | 160316s2013 xxu||||| |||| 00| 0 eng d |
| 020 ## - INTERNATIONAL STANDARD BOOK NUMBER | |
| International Standard Book Number | 9789352534029. |
| 040 ## - CATALOGING SOURCE | |
| Transcribing agency | nls |
| 082 ## - DEWEY DECIMAL CLASSIFICATION NUMBER | |
| Classification number | 310.000000 |
| Item number | AGG |
| 100 ## - MAIN ENTRY--PERSONAL NAME | |
| Personal name | Aggarwal R S |
| 245 ## - TITLE STATEMENT | |
| Title | Quantitative aptitude for competitive examinations |
| 260 ## - PUBLICATION, DISTRIBUTION, ETC. | |
| Place of publication, distribution, etc. | New Delhi |
| Name of publisher, distributor, etc. | S Chand & Co. |
| Date of publication, distribution, etc. | 2013 |
| 300 ## - PHYSICAL DESCRIPTION | |
| Extent | 726p |
| 365 ## - TRADE PRICE | |
| Price amount | Rs. 500 |
| 505 ## - FORMATTED CONTENTS NOTE | |
| Formatted contents note | Contents: 1.Numbers 2. H.C.F & L.C.M 3. Decimal Fractions 4. Arithmetic , Geometric & Harmonic Progressions 5. Simplification 6. Square Roots & Cube Roots 7. Average 8. Problems on Numbers 9. Problems on Ages 10. Surds and Indices 11. Logarithms 12. Percentage 13. Profit & Loss 14. Ratio & Proportion 15. Partnership 16. Mixture 17. Compound Proportion 18. Time & Work 19. Pipes and Cistern 20. Time & Distance 21. Problems on Trains 22. Boats and Stream 23. Simple Interest 24. Compound Interest 25. True Discount 26. Banker`s Discount 27. Area 28. Volume 29. Races 30. Calender 31. Clocks 32. Shares & Dividend 33. Permutations and Combinations 34. Probability 35. Trignometry 36. Series 37.Tabulation 38. Pie-Chart 39. Bar-Graphs 40. Line Graphs Printed Pages: 711. |
| 650 ## - SUBJECT ADDED ENTRY--TOPICAL TERM | |
| Topical term or geographic name entry element | 1. Statistical Methods - Aptitude |
| 700 ## - ADDED ENTRY--PERSONAL NAME | |
| Personal name | |
| -- | |
| 942 ## - ADDED ENTRY ELEMENTS (KOHA) | |
| Source of classification or shelving scheme | Dewey Decimal Classification |
| Koha item type | BOOKs |
| Withdrawn status | Lost status | Source of classification or shelving scheme | Damaged status | Not for loan | Home library | Current library | Shelving location | Date acquired | Total Checkouts | Full call number | Barcode | Date last seen | Date last checked out | Price effective from | Koha item type | Materials specified (bound volume or other part) | Source of acquisition | Public note |
|---|---|---|---|---|---|---|---|---|---|---|---|---|---|---|---|---|---|---|
| Dewey Decimal Classification | . | . | Library Compactors | 30.05.2017 | 1 | 310 AGG | 30543 | 25.11.2019 | 20.11.2019 | 30.05.2017 | BOOKs | |||||||
| Dewey Decimal Classification | . | . | Library Compactors | 26.08.2019 | 310 AGG-2 | 37645 | 17.10.2025 | 26.08.2019 | BOOKs | PB | Gratis | Donated By Vice Chancellor's Office, NLSIU |